| 000 | 00418nam a2200157 4500 | ||
|---|---|---|---|
| 005 | 20260602103751.0 | ||
| 008 | 260602b |||||||| |||| 00| 0 eng d | ||
| 020 | _a9781134466085 | ||
| 082 |
_a658.1 _bRAZ-T |
||
| 100 | _aRaza Mir | ||
| 245 | _aThe Routledge Companion to Philosophy in Organization Studies | ||
| 260 |
_aRoutledge _bLondon _c2017 |
||
| 300 | _a615p. | ||
| 650 | _aManagement Science | ||
| 942 | _cBK | ||
| 999 |
_c47632 _d47632 |
||